Pays avec la plus forte de densité - Statistiques

Statistiques générales
  • Ce quiz a été pris 100 fois
  • Le résultat moyen est 8 sur 15
Statistiques - réponses
Densité (hab./km2) Pays/Etats % Correct
25 709,4 Monaco
95%
1 825,0 Vatican
80%
7 907,5 Singapour
76%
1 238,4 Bangladesh
69%
549,3 Saint-Marin
66%
520,4 Corée du Sud
55%
663,3 Taiwan
51%
1 336,3 Malte
45%
1 805,1 Bahrein
38%
620,4 Maurice
38%
502,3 Pays -Bas
38%
563,0 Nauru
34%
1 394,7 Maldives
33%
572,0 Liban
30%
661,0 Barbade
25%
Aucun quiz correspondant
Distribution des résultats
% des personnes avec chaque résultat
Percentile par nombre de réponses
Votre historique - résultats
Vous n’avez pas pris ce quiz